000 01922cam a22004814i 4500
003 PE-LiUPU
005 20250731184520.0
008 150616s1984 sp r 000 0 spa d
020 _a8475060986
035 _a(Sirsi) i9788475060989
040 _aPE-LiUPU
_bspa
_cPE-LiUPU
_erda
049 _aPRUA
082 0 4 _a937.06
_bG45
_221
100 1 _aGibbon, Edward,
_eautor.
245 1 0 _aHistoria de la decadencia y ruina del imperio romano :
_binvaciones de los Barbaros y revoluciones de Persia (Años 455 a 642) .
_n5 /
_cEdward Gibbon.
264 1 _aMadrid :
_bEdiciones Turner,
_c1984.
300 _a439 páginas ;
_c22 centímetros
336 _atext
_2rdacontent
337 _aunmediated
_2rdamedia
338 _avolume
_2rdacarrier
504 _aNota Bibliografica.
505 0 _aZenon y Anastasio, emperadores de Oriente -- Ensal zamiento de Justino el mayor -- Conquistas de Justiniano en el occidente -- Estado de los bárbaros -- Rebeliones en Africa -- Reseña de la Jurisprudencia Romana -- Reinado de Justino el menor -- Revolución de Persia, después del fallecimiento de Cosroes, o Nushirvan.
526 _aP136
526 _aP135
526 _aP134
526 _aP133
526 _aP144
526 _aP143
526 _aP87
526 _aP35
526 _aP20
526 _aP14
526 _aP10
526 _aP06
651 _aRoma
_xHistoria.
_95508
910 _ajck
_bjvq
_cjck
942 _2ddc
_cBOOK
949 _a937.06 G45 5
_wDEWEY
_c1
_i27393
_d2016-11-28
_e2016-11-8
_lCCODEBUL1
_mBUL
_n1
_r0
_sY
_tBOOK
_u2015-4-23
_xEDUCACION
_PP20
_0COMPRA
_o.STAFF. Colección General
994 _aC0
_bPEPRU
596 _a1
999 _a937.06 G45 5
_wDEWEY
_c18375
_i27393
_d18375
_e2016-11-8
_f2022-5-11
_g4
_lCCODEBUL1
_mBUL
_n1
_p15.00
_r0
_sY
_tBOOK
_u2015-4-23
_xEDUCACION
_PP20
_0COMPRA
_o.STAFF. Colección General
980 _81
_gALBERTO SANCHEZ Responsable de Automatización